Регионална библиотека "Любен Каравелов" - Русе

Диагностика на кармата (Запис номер 8612)

MARC детайли
000 -Лидер
Контролно поле с фиксирана дължина 01459nam a2200337 c 4500
003 - Код на организацията, давaща контролен номер
Контролно поле BLK
005 - Дата и час на последна редакция
Контролно поле 20180420214335.0
008 - Елементи от данни с фиксирана дължина
fixed length control field 180412b bul|||||r ||||||| ||bul||
010 ## - Наследен системен номер
LC control number KNG00009970000
040 ## - Източник на каталожния запис
Идентификатор на билиотеката - собственик на записа BLK
080 ## - УДК
Текстов определител УДК Провидение. Вяра в съдбата. Фатализъм. Предопределеност. Вж и 124;231
УДК код - определител по УДК 214
УДК определител
УДК - код + определител 214
080 ## - УДК
Текстов определител УДК Други видове терапия. Биоенерготерапия.
УДК код - определител по УДК 615.85
УДК определител
УДК - код + определител 615.85
100 1# - Редна дума - Автор
Автор Лазарев, Сергей Николаевич
Авторска отговорност първи автор
R(LIN) 253646
139 ## - Редно поле
Редна дума Лазарев, Сергей Николаевич
Авторски знак Лаз - Л 14
245 10 - Сведения за заглавието
Заглавие Диагностика на кармата
Подзаглавни данни Ч. 1 -
Редно поле (дума) Сергей Николаевич Лазарев.
Том Ч. 1
Заглавие на том Система за саморегулация на полето
257 ## - Страна на издаване
Страна на създаване/издаване Русия
260 ## - Област на издателските данни
-- София
Име на издателя, разпространителя и проч. АБГ Принт
Година на издаване 1995
300 ## - Физическа характеристика
Размери/Мащаб 19 см
380 ## - Жанр
Жанр Религия. Теология
500 ## - Общи забележки
Забележка Без сведение за ориг. загл. - Офс. изд.
650 #4 - Допълнително описание по предмет – тема
Основно описание – тема или топоним Съдба
9 (RLIN) 172897
650 #4 - Допълнително описание по предмет – тема
Основно описание – тема или топоним Биоенергетика
9 (RLIN) 148659
650 #4 - Допълнително описание по предмет – тема
Основно описание – тема или топоним Биотерапия
9 (RLIN) 148730
653 ## - Ключова дума – ненормативна
Ключова дума диагностика
760 1# - Описание на основната серия
Редна дума на основното описание Лазарев, Сергей Николаевич
Място на издаване, издател и година 1995
Страници - том 165 с.
Заглавие Ч. 1 Система за саморегулация на полето
852 ## - Местоположение
Форматна сигнатура Цб 185844
856 4# - Електронен адрес и достъп
Електронен формат pdf - файл
Път до файла /url/
856 4# - Електронен адрес и достъп
Електронен формат pdf - файл
Път до файла /url/
942 ## - АРТИКУЛИ
Вид на библиотечния материал Книги
Скрит в OPAC Не
944 ## - СЪЗДАВАНЕ И РЕДАКЦИЯ на ЗАПИСА
Създаване/Редакция Създаване
Дата на регистрацията/редакция 15.01.2003
Служител, извършил регистрацията/редакцията AB_DOS
944 ## - СЪЗДАВАНЕ И РЕДАКЦИЯ на ЗАПИСА
Създаване/Редакция Редакция
Дата на регистрацията/редакция 15.01.2003
Служител, извършил регистрацията/редакцията
999 ## - СИСТЕМНИ КОНТРОЛНИ НОМЕРА
Koha biblionumber 8612
Koha biblioitemnumber 8612
Наличности
Код за отписване Код за изгубен артикул Източник на класификационната схема Код за повреда Коз за рестрикции Код за отдаване Артикулен № Име на библиотеката - собственик Име на библиотеката, в която се намира в момента Статус (Текущо местоположение) Дата на вписване в системата Местоположение - отдел Цена в лева Инвентарен номер Систематично азбучна сигнатура Баркод Номер на екземпляра Цена в евро Служебен тип на артикула
  Не е изгубен Universal Decimal Classification Не е повреден без рестрикции ползва се в читалня 14963 Регионална библиотека "Любен Каравелов" Русе Регионална библиотека "Любен Каравелов" Русе Хранилище 2024-05-22 Хранилище 0.86 618644 Цб 185844 120000618644 1 0.44 Книги
Vip Innovations Ltd, Rousse, Bulgaria 2025